| 000 | 00873nam a2200301 a 4500 | ||
|---|---|---|---|
| 001 | 200428511 | ||
| 003 | TR-AnTOB | ||
| 005 | 20260130112104.0 | ||
| 007 | ta | ||
| 008 | 180119r19762017tu 000 0 tur d | ||
| 020 |
_a9789754370348 _cpaperback |
||
| 040 |
_aBGZ _beng _cTR-AnTOB _erda |
||
| 041 | _atur | ||
| 050 | 1 | 4 |
_aLA942 _b.S24 2017 |
| 090 |
_aLA942 _b.S24 2017 |
||
| 100 | 1 |
_aSafa, Peyami _d1899-1961 _eauthor _9116987 |
|
| 245 | 1 | 0 |
_aEğitim, gençlik, üniversite / _cPeyami Safa. |
| 250 | _a4th edition | ||
| 264 | 1 |
_aİstanbul : _bÖtüken Neşriyat, _c2017. |
|
| 300 |
_a316 pages ; _c20 cm |
||
| 336 |
_atext _2rdacontent _btxt |
||
| 337 |
_aunmediated _2rdamedia _bn |
||
| 338 |
_2rdacarrier _avolume _bnc |
||
| 490 | 0 |
_aÖtüken Neşriyat ; _v109 _aObjektif ; _v7 |
|
| 650 | 0 |
_aEğitim _zTürkiye _919023 |
|
| 942 |
_2lcc _cBK |
||
| 999 |
_c200428511 _d46435 |
||